000 00364nam a22001577a 4500
020 _a81-8275-494-1
082 _a823
_bSHI/S
100 _aSHILPI
100 _aDEEPTI
245 _aTHE SELFISH GIANT
_bPRETTY FAIRY TALES
260 _aDELHI
_bMY KIDS WORLD
300 _a16
520 _aENGLISH SHORT STORY
650 _aENGLISH SHORT STORY
_zDELHI
942 _cBK
999 _c5351
_d5351